[Event "CAN-ch op"]
[Site "Sackville"]
[Date "2001.07.15"]
[Round "10"]
[White "McCusky, Louis"]
[Black "Tremblay, Roger"]
[Result "1/2-1/2"]
[WhiteElo "1547"]
[BlackElo "1401"]
[PlyCount "166"]
[EventDate "2001.07.??"]
[EventType "swiss"]
[EventRounds "10"]
[EventCountry "CAN"]
[SourceTitle "EXT 2006"]
[Source "ChessBase"]
[SourceDate "2005.11.24"]
[SourceVersion "1"]
[SourceVersionDate "2005.11.24"]
[SourceQuality "1"]

1. Nf3 c5 2. g3 d6 3. Bg2 Nf6 4. 0-0 e6 5. d3 Be7 6. Nbd2 0-0 7. Re1 Qc7 8. e4 Nc6 9. Nf1 e5 10. Bg5 Bg4 11. Ne3 h6 12. Bxf6 Bxf3 13. Bxf3 Bxf6 14. Bg2 Bg5 15. Nf5 g6 16. h4 gxf5 17. hxg5 hxg5 18. exf5 f6 19. Bd5+ Kg7 20. Kg2 Rh8 21. Qg4 Kf8 22. Rh1 Ke7 23. Rh5 Rxh5 24. Qxh5 Rf8 25. Rh1 Kd8 26. a3 Nd4 27. c3 Nxf5 28. Be6 Ng7 29. Qg4 Qc6+ 30. Kg1 Nxe6 31. Qxe6 Qd7 32. Qd5 Ke8 33. Rh6 Kd8 34. Qh1 Kc8 35. Rh7 Qc6 36. Qxc6+ bxc6 37. Rxa7 Kb8 38. Rh7 f5 39. c4 f4 40. g4 d5 41. f3 Rd8 42. Rh5 Rg8 43. Rh7 dxc4 44. dxc4 Rd8 45. Rg7 Rd4 46. Rxg5 e4 47. Rxc5 Rd1+ 48. Kg2 Rd2+ 49. Kh3 exf3 50. Rf5 Rd4 51. g5 Rxc4 52. g6 Rc1 53. Rxf4 Rg1 54. Rxf3 Rxg6 55. b4 Kb7 56. Rf5 Rd6 57. Ra5 Kb6 58. Kg4 Rd7 59. Rc5 Ra7 60. a4 Rxa4 61. Kf3 Rxb4 62. Rc1 Rd4 63. Ke3 Rd8 64. Rb1+ Kc7 65. Ke4 c5 66. Rc1 Kc6 67. Ke3 Rd4 68. Ke2 c4 69. Rd1 Kc5 70. Rxd4 Kxd4 71. Kd2 Ke4 72. Kc3 Kd5 73. Kc2 Kd4 74. Kd2 c3+ 75. Kc2 Kc4 76. Kc1 Kd3 77. Kd1 Ke3 78. Kc2 Kd4 79. Kc1 Kc4 80. Kc2 Kb4 81. Kc1 Kb3 82. Kb1 c2+ 83. Kc1 Kc3 1/2-1/2

[Event "CAN-ch op"]
[Site "Sackville"]
[Date "2001.07.13"]
[Round "8"]
[White "Tsui, Alick"]
[Black "Tremblay, Roger"]
[Result "1-0"]
[WhiteElo "1585"]
[BlackElo "1401"]
[PlyCount "97"]
[EventDate "2001.07.??"]
[EventType "swiss"]
[EventRounds "10"]
[EventCountry "CAN"]
[SourceTitle "EXT 2006"]
[Source "ChessBase"]
[SourceDate "2005.11.24"]
[SourceVersion "1"]
[SourceVersionDate "2005.11.24"]
[SourceQuality "1"]

1. e4 c5 2. Nf3 d6 3. d4 cxd4 4. Nxd4 Nf6 5. Nc3 a6 6. Be2 e6 7. 0-0 Be7 8. Be3 0-0 9. h3 Re8 10. Nf3 Nc6 11. a3 b5 12. b4 Qc7 13. Rb1 Nxb4 14. Nxb5 axb5 15. axb4 Bd7 16. Bd3 Bc6 17. Nd2 Qb7 18. f3 Rec8 19. Qe2 Qc7 20. c4 bxc4 21. Nxc4 Rd8 22. Bb6 Qb7 23. Bxd8 Rxd8 24. Na5 Qa7+ 25. Qf2 Qc7 26. Rfc1 d5 27. Nxc6 Re8 28. Nxe7+ Qxe7 29. b5 Rb8 30. b6 e5 31. Rc7 Qd8 32. Rbc1 Ne8 33. R7c6 d4 34. Qb2 g6 35. R1c5 Qe7 36. Rc8 Rb7 37. Qb5 Rd7 38. Rxe5 Qd6 39. Rexe8+ Kg7 40. Qe5+ f6 41. Qxd6 Rxd6 42. b7 Rb6 43. Rc7+ Kh6 44. b8Q Rxb8 45. Rxb8 g5 46. Rb6 Kg6 47. g4 h5 48. e5+ Kh6 49. Rxf6# 1-0